UCL Winners Opponents 2010's - Statistics

General Stats
  • This quiz has been taken 68 times
  • The average score is 28 of 37
Answer Stats
Answer % Correct
Barcelona
96%
Manchester City
96%
Bayern Munich
95%
Borussia Dortmund
95%
Juventus
95%
Liverpool
95%
PSG
95%
Atletico Madrid
91%
Bayer Leverkusen
91%
Manchester United
91%
Real Madrid
91%
Tottenham Hotspur
91%
Arsenal
87%
Chelsea
87%
Ajax
85%
Benfica
85%
Napoli
85%
Porto
84%
Sporting CP
82%
Dynamo Kyiv
80%
Galatasaray
80%
Roma
80%
Kobenhavn
76%
Valencia
76%
Malmo FF
73%
Crvena Zvezda
64%
Lille
64%
Wolfsburg
64%
Shakhtar Donetsk
62%
CSKA Moscow
60%
Schalke 04
53%
APOEL
51%
Legia Warsaw
51%
Panathinaikos
44%
BATE
38%
Genk
36%
Rubin Kazan
33%
No matching quizzes found
Score Distribution
Percent of People with Each Score
Percentile by Number Answered
Your Score History
You have not taken this quiz